[Event "XV Asiad Men's Rapid"]
[Site "Doha QAT"]
[Date "2006.12.04"]
[Round "9"]
[White "Moradiabadi,E"]
[Black "Dao Thien Hai"]
[Result "0-1"]
[WhiteElo "2539"]
[BlackElo "2557"]

1.d4 d5 2.c4 dxc4 3.Nf3 Nf6 4.Nc3 c6 5.a4 Bf5 6.e3 e6 7.Bxc4 Bb4 8.O-O Nbd7
9.Qe2 Bg4 10.Rd1 O-O 11.e4 Bh5 12.h3 Qa5 13.e5 Nd5 14.Nxd5 cxd5 15.Bd3 Bg6
16.Ng5 Be7 17.Bxg6 hxg6 18.Nf3 Rfc8 19.Bd2 Qd8 20.Bc3 Qb6 21.h4 a5 22.g3 Bb4
23.Rdc1 Rc6 24.Ng5 Be7 25.Kg2 Rac8 26.Rh1 Qd8 27.Qg4 Rc4 28.Rae1 Nf8 29.Qf4 Qe8
30.h5 Bxg5 31.Qxg5 Nh7 32.Qg4 g5 33.f4 Qe7 34.f5 Rxa4 35.h6 g6 36.fxg6 fxg6
37.Qd1 Rac4 38.Qd3 Qe8 39.Bxa5 g4 40.Bd2 Rc2 41.Rc1 Rxc1 42.Bxc1 g5 43.Bd2 Qf7
44.Rf1 Qh5 45.Rh1 Qf7 46.Bb4 Rc4 47.Bd6 Nf8 48.Qe2 Qg6 49.Rd1 Rc2 50.Rd2 Qe4+
51.Kf1 Rc1+ 52.Kf2 Qh1 53.Rc2 Qg1+  0-1

[Event "XV Asiad Men's Rapid"]
[Site "Doha QAT"]
[Date "2006.12.04"]
[Round "9"]
[White "Barsov,A"]
[Black "Al Sayed,Mohamad"]
[Result "1-0"]
[WhiteElo "2537"]
[BlackElo "2486"]

1.d4 d5 2.c4 c6 3.Nf3 Nf6 4.Nc3 dxc4 5.a4 Bf5 6.Ne5 Nbd7 7.Nxc4 Qc7 8.Qd2 Be6
9.e4 Bxc4 10.Bxc4 e5 11.O-O Bb4 12.Qc2 exd4 13.Ne2 O-O 14.Nxd4 Qe5 15.Rd1 Rad8
16.f3 Bc5 17.Be3 Nb6 18.Qc3 a5 19.Bb3 Bb4 20.Nxc6 Bxc3 21.Nxe5 Bxe5 22.Bxb6 Bxb2
23.Bxd8 Bxa1 24.Bxa5 Be5 25.g3 g5 26.Kf2 Rc8 27.Rd8+ Rxd8 28.Bxd8 Kg7 29.Ke3 h6
30.Kd3 h5 31.Bd5 g4 32.f4 Nxd5 33.exd5 Bd6 34.Ke4 Bc5 35.Kf5 Bg1  1-0

[Event "13th Open A"]
[Site "Zadar CRO"]
[Date "2006.12.11"]
[Round "1"]
[White "Tratar,M"]
[Black "Jeric,S"]
[Result "1/2-1/2"]
[WhiteElo "2483"]
[BlackElo "2337"]

1.d4 d5 2.Nf3 Nf6 3.c4 c6 4.Nc3 dxc4 5.a4 Bf5 6.Ne5 Nbd7 7.Nxc4 Qc7 8.g3 e5
9.dxe5 Nxe5 10.Bf4 Nfd7 11.Bg2 f6 12.O-O Nc5 13.Bxe5 fxe5 14.Ne3 Bg6 15.b4 Ne6
16.b5 Rd8 17.Qb3 Nd4 18.Qb2 Be7 19.a5 O-O  1/2-1/2

[Event "XV Asiad Classical"]
[Site "Doha QAT"]
[Date "2006.12.12"]
[Round "7"]
[White "Dao Thien Hai"]
[Black "Bu Xiangzhi"]
[Result "0-1"]
[WhiteElo "2557"]
[BlackElo "2671"]

1.d4 d5 2.c4 c6 3.Nf3 Nf6 4.Nc3 dxc4 5.a4 Bf5 6.Ne5 Nbd7 7.Nxc4 Qc7 8.g3 e5
9.dxe5 Nxe5 10.Bf4 Nfd7 11.Bg2 g5 12.Ne3 gxf4 13.Nxf5 O-O-O 14.Qc2 Ng6 15.O-O fxg3
16.hxg3 h5 17.Rfc1 Kb8 18.Nb5 Qb6 19.Nbd6 Bxd6 20.Nxd6 Nde5 21.Nxb7 Qxb7
22.Ra3 Rd4 23.f4 Rc4 24.Qd1 Qb6+ 25.e3 Rd8 26.Qf1 Rxc1 27.Qxc1 Ng4 28.a5 Qb4
29.Bxc6 Rd2 30.Bf3 Qxb2 31.Qxb2+ Rxb2 32.a6 Ne7 33.Rc3 Nf5 34.Bb7 Nd6 35.Bd5 f5  0-1

[Event "13th Open A"]
[Site "Zadar CRO"]
[Date "2006.12.12"]
[Round "3"]
[White "Rezan,S"]
[Black "Ragger,M"]
[Result "1/2-1/2"]
[WhiteElo "2414"]
[BlackElo "2476"]

1.d4 d5 2.Nf3 Nf6 3.c4 c6 4.Nc3 dxc4 5.a4 Bf5 6.Ne5 Nbd7 7.Nxc4 Qc7 8.Qd2 g6
9.Qf4 Qxf4 10.Bxf4 Nb6 11.Nxb6 axb6 12.Rc1 Ne4 13.Nxe4 Bxe4 14.f3 Bd5 15.e4 Bb3
16.d5 Bxa4 17.b3 Bxb3 18.Rb1 Ra3 19.dxc6 bxc6 20.Bc1 Ba2 21.Rxb6 Rb3 22.Rxc6 Bg7
23.Bc4 Rc3 24.Bb5 O-O 25.Rxc3 Bxc3+ 26.Bd2 Bxd2+ 27.Kxd2 Rb8 28.Be2 Rb2+
29.Ke3  1/2-1/2

[Event "GM Multicoms"]
[Site "Paris FRA"]
[Date "2006.12.16"]
[Round "4"]
[White "Bellaiche,A"]
[Black "Le Roux,JP"]
[Result "0-1"]
[WhiteElo "2472"]
[BlackElo "2494"]

1.d4 d5 2.c4 c6 3.Nf3 Nf6 4.Nc3 dxc4 5.a4 Bf5 6.Ne5 Nbd7 7.Nxc4 Nd5 8.g3 e5
9.dxe5 Nc5 10.Nxd5 cxd5 11.Ne3 Be6 12.b4 Ne4 13.Ba3 Qb6 14.Bg2 Bxb4+ 15.Kf1 O-O
16.Bxe4 dxe4 17.Kg2 Rfd8 18.Qc2 Bd2 19.Qc5 Qa6 20.Qb5 Qxb5 21.axb5 Bc3 22.Rab1 Bxe5
23.Bb2 Bc7 24.Rbc1 Rac8 25.Rhd1 Rxd1 26.Rxd1 Rd8 27.Rc1 Bb6 28.Nc4 Bxc4 29.Rxc4 f5
30.Bc3 Kf7 31.g4 g6 32.Kg3 Rd5 33.Rc8 Rxb5 34.gxf5 Rxf5 35.e3 Rc5 36.Rxc5 Bxc5
37.Kf4 Bd6+ 38.Kxe4 Bxh2 39.f4 Bg3 40.Kd5 h5 41.Ke4 Ke6 42.Kd4  0-1

[Event "6th Amplico AIG Life"]
[Site "Warsaw POL"]
[Date "2006.12.16"]
[Round "4"]
[White "Staniszewski,Pi"]
[Black "Matras,A"]
[Result "1-0"]
[WhiteElo "2419"]
[BlackElo "2210"]

1.Nf3 d5 2.d4 Nf6 3.c4 c6 4.Nc3 dxc4 5.a4 Bf5 6.Ne5 Na6 7.e3 Nb4 8.Bxc4 e6
9.O-O Be7 10.Qe2 Nd7 11.e4 Bg6 12.Be3 Nf6 13.Nxg6 hxg6 14.Rfd1 Qc7 15.h3 O-O
16.Rac1 Rfd8 17.d5 exd5 18.exd5 Qe5 19.f4 Qh5 20.Qxh5 gxh5 21.dxc6 Nxc6 22.Nd5 Ne4
23.Be2 Bf8 24.Bxh5 a6 25.Bf3 Nd6 26.Nc7 Rac8 27.Bb6 Nf5 28.Bxc6 bxc6 29.Nxa6 Rxd1+
30.Rxd1 Ra8 31.Nc7 Rxa4 32.Rd8 Rc4 33.b4 Rc1+ 34.Kh2 Ne7 35.Bc5 Re1 36.f5 Re5
37.g4 Re4 38.Kg2 Re2+ 39.Kf3 Re1 40.Ne6 fxe6 41.Bxe7 Kf7 42.Bxf8 exf5 43.gxf5 Rf1+
44.Kg4 Rg1+ 45.Kf4 Rf1+ 46.Ke4 Re1+ 47.Kf3 Rf1+ 48.Ke4 Re1+ 49.Kf4 Rf1+ 50.Ke5 Re1+
51.Kd6 Rc1 52.Kd7 Rc3 53.Bc5 Kf6 54.Bd4+  1-0

[Event "6th Amplico AIG Life"]
[Site "Warsaw POL"]
[Date "2006.12.16"]
[Round "6"]
[White "Staniszewski,Pi"]
[Black "Beinoras,M"]
[Result "1-0"]
[WhiteElo "2419"]
[BlackElo "2222"]

1.d4 d5 2.c4 c6 3.Nf3 Nf6 4.Nc3 dxc4 5.a4 Bf5 6.Ne5 Na6 7.e3 Nb4 8.Bxc4 e6
9.O-O Bd6 10.Qe2 Nd7 11.e4 Bg6 12.f4 Nxe5 13.dxe5 Bc5+ 14.Kh1 Qh4 15.g3 Qh3
16.Qg2 Qxg2+ 17.Kxg2 O-O-O 18.f5 Bh5 19.fxe6 fxe6 20.Bxe6+ Kb8 21.Bf7 Bxf7
22.Rxf7 Nd3 23.Bg5 Rdf8 24.Raf1 h6 25.Rxf8+ Rxf8 26.Rxf8+ Bxf8 27.Bf4 g5
28.Be3 Nxb2 29.e6 Nc4 30.Bd4 Kc7 31.e5 b6 32.Kf3 Kd8 33.Ke4 c5 34.Bf2 Bg7
35.Nd5 Nxe5 36.h3 Nc6 37.g4 Ne7 38.Bg3 Nc8 39.Kf5 c4 40.Kg6 c3 41.Kf7 Ne7
42.Nxe7 c2 43.Nc6+ Kc8 44.e7 c1=Q 45.e8=Q+ Kb7 46.Qd7+  1-0

[Event "13th Open A"]
[Site "Zadar CRO"]
[Date "2006.12.16"]
[Round "8"]
[White "Sebenik,M"]
[Black "Jovanic,O"]
[Result "1-0"]
[WhiteElo "2417"]
[BlackElo "2458"]

1.d4 d5 2.Nf3 Nf6 3.c4 c6 4.Nc3 dxc4 5.a4 Bf5 6.e3 e6 7.Bxc4 Bb4 8.O-O O-O
9.Nh4 Bg4 10.f3 Bh5 11.g4 Nd5 12.Ng2 Bg6 13.Qb3 Qb6 14.Ne2 Be7 15.e4 Nc7
16.Qa2 c5 17.a5 Qb4 18.Bf4 Rc8 19.Ne3 b5 20.Bb3 c4 21.Bd1 Bf8 22.b3 cxb3
23.Bxb3 Nc6 24.Rfd1 Qe7 25.Rac1 Na6 26.d5 exd5 27.Nxd5 Qe8 28.h4 h5 29.Ng3 Ne5
30.Qe2 Nc5 31.Ba2 hxg4 32.fxg4 b4 33.h5 Bh7 34.g5 b3 35.Bb1 Qe6 36.Nf5 Rab8
37.Nd4 Qe8 38.Rc3 Na4 39.Rg3 Kh8 40.g6 fxg6 41.hxg6 Nxg6 42.Bxb8 Rxb8 43.e5 Bc5
44.Qh5 Qxe5 45.Qxe5 Nxe5 46.Rh3 g6 47.Nf6 Kg7 48.Nxh7 Rd8 49.Ng5 Rxd4 50.Ne6+ Kf6
51.Nxd4 Nc6 52.Rf3+ Kg5 53.Rxb3 Nxd4 54.Rxd4 Bxd4+ 55.Kg2 Nc3 56.Rb4 Be5
57.Bd3 Nd5 58.Rb5 Nf4+ 59.Kf3 Nxd3 60.Ke4 Kf6 61.Kxd3 Bg3 62.Ke4 Bf2 63.Rb2 Bg1
64.Rb1 Bh2 65.Rf1+ Kg5 66.Rf2 Bc7 67.Rc2 Bg3 68.Kf3 Bd6 69.Rd2 Bb4 70.Rd4 Bc3
71.Rd7 a6 72.Rd6 Kf5 73.Rxa6 g5 74.Rc6 g4+ 75.Kg2 Bd4 76.a6  1-0

[Event "6th Amplico AIG Life"]
[Site "Warsaw POL"]
[Date "2006.12.17"]
[Round "9"]
[White "Nedilko,V"]
[Black "Tvarijonas,P"]
[Result "1/2-1/2"]
[WhiteElo "2390"]
[BlackElo "2229"]

1.d4 d5 2.c4 c6 3.Nf3 Nf6 4.Nc3 dxc4 5.a4 Bf5 6.e3 e6 7.Bxc4 Be7 8.O-O O-O
9.Qe2 Bg6 10.Rd1 Nbd7 11.e4 Qc7 12.Bg5 e5 13.d5 Bb4 14.dxc6 bxc6 15.Nh4 Qb6
16.Be3 Qa5 17.Nxg6 hxg6 18.f3 Rfd8 19.Rac1 Bc5 20.g3 Rab8 21.b3 Bb4 22.Na2 Ba3
23.Rb1 Nb6 24.Kg2 Nxc4 25.Qxc4 c5 26.Nc3 Bb4 27.Nd5 Nxd5 28.Rxd5 Rxd5 29.Qxd5 Qc7
30.Rd1 Ba3 31.Rd3 Qe7 32.Bd2 Bb2 33.Bc3 Bxc3 34.Rxc3 Rd8 35.Qxc5 Qg5 36.Rc2 Kh7
37.h4 Qf6 38.Qe3 Rd4 39.Rd2 Rb4 40.Qc3 Qb6 41.Rd3 Qb8 42.Qc2 Rb7 43.Qc4 Rc7
44.Qd5 Rc2+ 45.Rd2 Rxd2+ 46.Qxd2 Qxb3 47.a5  1/2-1/2

[Event "6th Amplico AIG Life"]
[Site "Warsaw POL"]
[Date "2006.12.17"]
[Round "10"]
[White "Halkias,S"]
[Black "Vaznonis,V"]
[Result "0-1"]
[WhiteElo "2571"]
[BlackElo "2291"]

1.d4 d5 2.c4 c6 3.Nc3 Nf6 4.Nf3 dxc4 5.a4 Bf5 6.Ne5 e6 7.f3 Bb4 8.e4 Bxe4
9.fxe4 Nxe4 10.Bd2 Qxd4 11.Nxe4 Qxe4+ 12.Qe2 Bxd2+ 13.Kxd2 Qd5+ 14.Kc2 Na6
15.Nxc4 O-O 16.Qe5 Rac8 17.Be2 f6 18.Qe3 b5 19.Na3 Nb4+ 20.Kc1 e5 21.Nc2 Qxg2
22.Rg1 Nxc2 23.Kxc2 Qxh2 24.Rh1 Qf4 25.Qb3+ Rf7 26.Rxh7 Qf5+ 27.Bd3 e4 28.Rah1 exd3+
29.Kc1 Qc5+ 30.Kb1 Qc2+ 31.Ka1 Kf8 32.Rh8+ Ke7 33.Qxc2 dxc2 34.Rxc8 Kd7 35.Ra8 Kd6
36.Rc1 bxa4 37.Rxc2 f5 38.Rc8 f4 39.R8xc6+ Ke5 40.R6c5+ Ke4 41.R5c4+ Ke3
42.R4c3+ Ke4 43.Re2+ Kd4 44.Rd2+ Ke4 45.Re2+ Kd4 46.Ra3 f3 47.Rf2 Ke4 48.Kb1 g5
49.Rf1 Rf4 50.Kc2 g4 51.Kd2 Kf5 52.Re3 Rb4 53.Kc2 Kf4 54.Re8 Kg3 55.Rg1+ Kh2
56.Rd1 g3 57.Ree1 g2 58.Rd2 Rf4 59.Re8 Kg3 60.Re1 f2 61.Re3+ Rf3 62.Rxf3+ Kxf3  0-1

[Event "1st Hotel Bern Open"]
[Site "Bern SUI"]
[Date "2006.12.26"]
[Round "1"]
[White "Kuemin,S"]
[Black "Hofer,H"]
[Result "1/2-1/2"]
[WhiteElo "2368"]
[BlackElo "1858"]

1.d4 d5 2.c4 c6 3.Nf3 Nf6 4.Nc3 dxc4 5.a4 Bf5 6.e3 e6 7.Bxc4 Bb4 8.O-O O-O
9.Qe2 Ne4 10.Na2 Be7 11.Rd1 Nd7 12.Nd2 Ndf6 13.b4 Qc7 14.Nf1 Nd6 15.Bb3 a5
16.Ba3 axb4 17.Bxb4 Nd5 18.Bxd6 Bxd6 19.e4 Nf4 20.Qf3 Bg6 21.e5 Bxe5 22.dxe5 Qxe5
23.Ng3 Rfd8 24.Bc4 h5 25.Re1 Qg5 26.Nc3 Nd5 27.Nce4 Qf4 28.Be2 h4 29.Nh5 Qxe4
30.Qb3 Qb4 31.Qh3 Bxh5 32.Bxh5 Rxa4 33.Bxf7+ Kxf7 34.Qxe6+ Kf8 35.Rad1 Qd6
36.Qe2 Raa8 37.Qh5 Qh6 38.Qf5+ Qf6 39.Qh7 Qh6 40.Qf5+ Qf6 41.Qh7  1/2-1/2

[Event "27th Open A"]
[Site "Bethune FRA"]
[Date "2006.12.26"]
[Round "1"]
[White "Shchekachev,A"]
[Black "Kludacz,M"]
[Result "1-0"]
[WhiteElo "2561"]
[BlackElo "2237"]

1.Nf3 d5 2.d4 c6 3.c4 Nf6 4.Nc3 dxc4 5.a4 Bf5 6.e3 e6 7.Bxc4 Bb4 8.O-O Nbd7
9.Qe2 Bg6 10.e4 Bxc3 11.bxc3 Nxe4 12.Ba3 Qc7 13.Nd2 Nxd2 14.Qxd2 O-O-O 15.Be7 Rde8
16.Bh4 Nf6 17.f3 Nd5 18.Bg3 Qd7 19.Rfe1 h5 20.h4 Nc7 21.Ra2 Kb8 22.Bf1 Ka8
23.c4 Bf5 24.Rb2 f6 25.Qa5 Na6 26.Rd1 g5 27.hxg5 fxg5 28.d5 Qd8 29.dxc6  1-0

[Event "Masters"]
[Site "Singapore SIN"]
[Date "2006.12.26"]
[Round "1"]
[White "Duong The Anh"]
[Black "Ye Naung Win Myint"]
[Result "0-1"]
[WhiteElo "2393"]
[BlackElo "2524"]

1.d4 d5 2.Nf3 Nf6 3.c4 c6 4.Nc3 dxc4 5.a4 Bf5 6.Ne5 e6 7.f3 Bb4 8.e4 Bxe4
9.fxe4 Nxe4 10.Bd2 Qxd4 11.Nxe4 Qxe4+ 12.Qe2 Bxd2+ 13.Kxd2 Qd5+ 14.Kc2 Na6
15.Nxc4 O-O 16.Qe5 Rfd8 17.Be2 f6 18.Qe3 Qf5+ 19.Kc3 Nc7 20.Qg3 e5 21.Qg4 Qf2
22.Rhd1 b5 23.axb5 Nxb5+ 24.Kb4 Nd4 25.Rxd4 Rxd4 26.Qf3 Qh4 27.Qxc6 Rad8
28.Rxa7 Qe1+ 29.Kb3 Qxe2 30.Qe6+ Kh8 31.Rc7 h6 32.Rc8 Qd3+ 33.Ka2 Rxc8 34.Qxc8+ Kh7
35.Na3 Rd8 36.Qc7 e4  0-1

[Event "13th Int"]
[Site "Tuzla BIH"]
[Date "2006.12.26"]
[Round "6"]
[White "Mrkonjic,N"]
[Black "Iveljic,I"]
[Result "1-0"]
[WhiteElo "2379"]
[BlackElo "2280"]

1.d4 d5 2.Nf3 Nf6 3.c4 dxc4 4.Nc3 c6 5.a4 Bf5 6.e3 e6 7.Bxc4 Bb4 8.O-O Nbd7
9.Qb3 a5 10.h3 Qc7 11.Bd2 O-O 12.Nh4 Nb6 13.Rfd1 Nxc4 14.Qxc4 Qb6 15.Qb3 Qc7
16.Rac1 Qe7 17.Be1 Rfd8 18.Nf3 Bg6 19.Ne5 Bh5 20.f3 Bg6 21.Bh4 Re8 22.Na2 Bd6
23.e4 Qc7 24.Nxg6 Bh2+ 25.Kh1 hxg6 26.e5 g5 27.Bxg5 Nh7 28.Kxh2 Nxg5 29.f4 Ne4
30.Qf3 f5 31.Nc3 Nxc3 32.Rxc3 Qe7 33.Rc4 Red8 34.Qc3 Qc7 35.Rc5 Kf7 36.d5 exd5
37.Rcxd5 Rxd5 38.Rxd5 Kg8 39.Rd6 Rf8 40.Qd4 Qf7 41.Rd7  1-0

[Event "Masters"]
[Site "Singapore SIN"]
[Date "2006.12.27"]
[Round "3"]
[White "Goh Koon Jong,J"]
[Black "Corke,A"]
[Result "1-0"]
[WhiteElo "2394"]
[BlackElo "2197"]

1.d4 Nf6 2.c4 c6 3.Nc3 d5 4.Nf3 dxc4 5.a4 Bf5 6.Ne5 Nbd7 7.Nxc4 Qc7 8.g3 e5
9.dxe5 Nxe5 10.Bf4 Nfd7 11.Bg2 g5 12.Bxe5 Nxe5 13.Qd4 f6 14.Ne4 Bxe4 15.Qxe4 Bb4+
16.Kf1 Be7 17.Ne3 O-O-O 18.b4 f5 19.Nxf5 Bf6 20.Rc1 Rhe8 21.Qc2 g4 22.h4 Kb8
23.b5 c5 24.Be4 c4 25.Kg2 Qc5 26.Ne3 Rd4 27.Bxh7 Rh8 28.Bf5 Rhd8 29.Rhd1 Qb4
30.Rxd4 Rxd4 31.Rd1 Qd6 32.Be4 Qc5 33.Rxd4 Qxd4 34.Bd5 c3 35.Qh7 Qb6 36.Be4 Bd8
37.Nd5 Qd6 38.Nxc3 Nd7 39.Qf7 Nc5 40.Qd5 Nxe4 41.Qxe4 Bf6 42.Nd5 Be5 43.Ne3  1-0

[Event "Masters"]
[Site "Singapore SIN"]
[Date "2006.12.27"]
[Round "3"]
[White "Chong Chor Yuen"]
[Black "Lou Hongyu"]
[Result "0-1"]
[WhiteElo "2100"]
[BlackElo "2134"]

1.d4 d5 2.c4 c6 3.Nf3 Nf6 4.Nc3 dxc4 5.a4 Bf5 6.e3 e6 7.Bxc4 Bb4 8.O-O Nbd7
9.Qe2 Bg6 10.e4 O-O 11.e5 Nd5 12.Ne4 Be7 13.a5 b5 14.Bd3 a6 15.Neg5 Bxd3
16.Qxd3 g6 17.Ne4 c5 18.dxc5 Nxc5 19.Nxc5 Bxc5 20.Bh6 Re8 21.Rfd1 Qc7 22.Rac1 Qa7
23.Rf1 Red8 24.Bg5 Rd7 25.Qe4 Rc8 26.Qh4 Rcc7 27.Nd2 Bd4 28.Rxc7 Rxc7 29.Nf3 Bxb2
30.Bf6 Rc4 31.Qh6 Nxf6 32.exf6 Bxf6 33.Ng5 Bxg5 34.Qxg5 Qc5 35.Qd8+ Kg7 36.h3 Qc7
37.Qd2 Qe5 38.Qd8 b4 39.Qb6 Qc3 40.Qxa6 b3 41.Qb7 Rb4 42.Qe7 b2  0-1

[Event "Masters"]
[Site "Singapore SIN"]
[Date "2006.12.27"]
[Round "4"]
[White "Lou Hongyu"]
[Black "Le Kieu Thien,Kim"]
[Result "0-1"]
[WhiteElo "2134"]
[BlackElo "2322"]

1.d4 d5 2.c4 c6 3.Nc3 Nf6 4.Nf3 dxc4 5.a4 Bf5 6.e3 e6 7.Bxc4 Bb4 8.O-O O-O
9.Nh4 Bg6 10.Nxg6 hxg6 11.Re1 Qa5 12.Bd2 c5 13.dxc5 Qxc5 14.Be2 Rd8 15.Rc1 Qb6
16.Rc2 Nc6 17.Qc1 Na5 18.Qd1 Rac8 19.Bf1 Nb3 20.e4 Bc5  0-1

[Event "Australian Open"]
[Site "Tuggeranong AUS"]
[Date "2006.12.28"]
[Round "1"]
[White "Oliver,G"]
[Black "Schon,E"]
[Result "1-0"]
[WhiteElo "2146"]
[BlackElo "1849"]

1.d4 d5 2.c4 c6 3.Nf3 Nf6 4.Nc3 dxc4 5.a4 Bf5 6.e3 e6 7.Bxc4 Bb4 8.O-O Nbd7
9.Nh4 Bg6 10.Nxg6 hxg6 11.Qe2 Qc7 12.f4 O-O-O 13.Na2 Be7 14.b4 Nb6 15.Bb3 g5
16.g3 gxf4 17.Rxf4 Nbd5 18.Rf1 Nxb4 19.Bd2 Nxa2 20.Rxa2 Bd6 21.Qf3 Rh3 22.Be1 e5
23.dxe5 Bxe5 24.Qf5+ Qd7 25.Qxe5 Rdh8 26.Rd2 Rxh2 27.Rxh2 Rxh2 28.Qf5 Qxf5
29.Rxf5 Re2 30.Bf2 Ne4 31.Bc4 Rc2 32.Bd3 Rxf2 33.Rxf2 Nxf2 34.Kxf2 Kd7 35.Ke2 a6
36.Kd2 b5 37.a5 Kd6 38.Bf5 Kc5 39.Kc3 b4+ 40.Kb3 Kb5 41.Bd7 f6 42.g4 Kxa5
43.Bxc6 Kb6 44.Be4 Kc5 45.Bd3 a5 46.Ka4 Kb6 47.Bc4 Kc5 48.Bf7 Kb6 49.Bb3 Ka6
50.Bc4+ Kb6 51.Bd3 Kc5 52.Kxa5 b3 53.Ka4 b2 54.Kb3 Kd5 55.Kxb2  1-0

[Event "1st Hotel Bern Open"]
[Site "Bern SUI"]
[Date "2006.12.29"]
[Round "5"]
[White "Cebalo,M"]
[Black "Jaracz,P"]
[Result "1/2-1/2"]
[WhiteElo "2489"]
[BlackElo "2476"]

1.d4 d5 2.c4 c6 3.Nf3 Nf6 4.Nc3 dxc4 5.a4 Bf5 6.Ne5 Nbd7 7.Nxc4 Nb6 8.Ne5 a5
9.f3 Nfd7 10.Nxd7 Nxd7 11.e4 Bg6 12.Be3 Qb6 13.Qd2 e5 14.Rd1 O-O-O 15.d5 Bc5
16.Bxc5 Nxc5 17.Qf2 f5  1/2-1/2

[Event "Masters"]
[Site "Singapore SIN"]
[Date "2006.12.29"]
[Round "7"]
[White "Goh Koon Jong,J"]
[Black "Lim Yee Weng"]
[Result "0-1"]
[WhiteElo "2394"]
[BlackElo "2307"]

1.d4 d5 2.c4 c6 3.Nf3 Nf6 4.Nc3 dxc4 5.a4 Bf5 6.Ne5 Nbd7 7.Nxc4 Qc7 8.g3 e5
9.dxe5 Nxe5 10.Bf4 Nfd7 11.Bg2 g5 12.Bxe5 Nxe5 13.Qd4 f6 14.Ne4 Nxc4 15.Qxc4 Qa5+
16.Nc3 O-O-O 17.O-O Kb8 18.Rac1 Qb4 19.Qf7 Qe7 20.Qc4 Qe6 21.Qxe6 Bxe6 22.Ne4 Be7
23.e3 h6 24.h3 Rd3 25.b4 Bxb4 26.Nxf6 Rhd8 27.Ng4 c5 28.Ne5 Ra3 29.Rfd1 Rxd1+
30.Rxd1 Kc7 31.g4 Bc3 32.Bd5 Bxd5 33.Rxd5 Bxe5 34.Rxe5 Kd6 35.Re4 Kd5 36.Re7 Rxa4
37.Rxb7 c4 38.Rc7 Ke4 39.Kg2 Kd3 40.f4 c3 41.f5 c2 42.f6 Ra6 43.f7 Rf6 44.e4 Rxf7
45.Rxf7 c1=Q 46.e5 Qb2+  0-1

[Event "Masters"]
[Site "Singapore SIN"]
[Date "2006.12.29"]
[Round "8"]
[White "Sadorra,J"]
[Black "Tirto"]
[Result "1-0"]
[WhiteElo "2374"]
[BlackElo "2429"]

1.Nf3 d5 2.d4 Nf6 3.c4 c6 4.Nc3 dxc4 5.a4 Bf5 6.e3 e6 7.Bxc4 Bb4 8.O-O Nbd7
9.Nh4 Bg6 10.Nxg6 hxg6 11.Qe2 Nb6 12.Bd3 Nbd5 13.Bd2 Bd6 14.g3 Nb4 15.Bc4 Qd7
16.f4 a5 17.Rad1 O-O 18.Be1 Rfe8 19.g4 Nbd5 20.g5 Nh5 21.Ne4 Reb8 22.Rc1 Be7
23.Bd2 b6 24.Kf2 Rc8 25.Ng3 c5 26.Bb5 Qd6 27.Ne4 Qb8 28.dxc5 bxc5 29.b3 e5
30.f5 gxf5 31.Qxh5 g6 32.Qh4 fxe4 33.Ke2 Rf8 34.Qxe4 Qd6 35.Bc4 Rfd8 36.Rcd1 Qc6
37.Qf3 Qe6 38.e4 Rf8 39.Bxd5 Qb6 40.Bxa8 Qa6+ 41.Qd3 Qxa8 42.Qd5 Qc8 43.Qxe5 Qg4+
44.Ke1 Qh4+ 45.Rf2 Bd6 46.Qxd6 Qxe4+ 47.Kf1 Re8 48.Qg3 Qh1+ 49.Qg1 Qe4 50.Qg2 Qd3+
51.Kg1 Qxb3 52.Rdf1 Rf8 53.Rf3  1-0

[Event "Masters"]
[Site "Singapore SIN"]
[Date "2006.12.30"]
[Round "9"]
[White "Chong Chor Yuen"]
[Black "Zinmar Min Than"]
[Result "1/2-1/2"]
[WhiteElo "2100"]
[BlackElo "2231"]

1.d4 d5 2.c4 c6 3.Nf3 Nf6 4.Nc3 dxc4 5.a4 Bf5 6.e3 e6 7.Bxc4 Bb4 8.O-O O-O
9.Nh4 Bg4 10.Be2 Bxe2 11.Nxe2 Nbd7 12.Nf3 Qe7 13.Ng3 c5 14.Bd2 cxd4 15.Bxb4 Qxb4
16.Qxd4 Qxd4 17.Nxd4 a6 18.Rfc1 Rac8 19.Kf1 g6 20.Nb3 Nd5 21.Ne4 Ne5 22.Nd6 Rxc1+
23.Rxc1 Nd3 24.Rc2 b6 25.Nd2 N5b4 26.Rc4 Rd8 27.N6e4 b5 28.axb5 axb5 29.Rc7 Nxb2
30.Rb7 N2d3 31.Rxb5 Nc6 32.Nc4 Kg7 33.Rb7 Nde5 34.Ncd6 Rd7 35.Rxd7 Nxd7 36.Ng5 Nd8
37.Ke2 h6  1/2-1/2

[Event "Masters"]
[Site "Singapore SIN"]
[Date "2006.12.30"]
[Round "9"]
[White "Madjidov,J"]
[Black "Dotsenko,Vi"]
[Result "1-0"]
[WhiteElo "2238"]
[BlackElo "2125"]

1.d4 d5 2.c4 c6 3.Nf3 Nf6 4.Nc3 dxc4 5.a4 Bf5 6.Ne5 Nbd7 7.Nxc4 Qc7 8.g3 e5
9.dxe5 Nxe5 10.Bf4 Nfd7 11.Bg2 f6 12.O-O Bc5 13.Nxe5 fxe5 14.Bd2 O-O 15.b4 Be7
16.Qb3+ Kh8 17.Rac1 Qd6 18.Qa2 Qe6 19.Qxe6 Bxe6 20.Rb1 a6 21.Be3 Rac8 22.Rfc1 Bf5
23.Be4 Bg4 24.f3 Be6 25.a5 Nf6 26.Bc5 Rfe8 27.Rd1 Kg8 28.Na4 Nd5 29.Rd3 Rb8
30.Nb6 Nf6 31.Rbd1 Kf7 32.Kf2 Rbd8 33.Bxe7 Kxe7 34.Rxd8 Nxe4+ 35.Ke3 Rxd8
36.Rxd8 Kxd8 37.Kxe4 Bb3 38.e3 Bd1 39.Nc4 Kc7 40.Nxe5 b6 41.Nc4 bxa5 42.bxa5 c5
43.Kd5 Bxf3+ 44.Kxc5 Bg2 45.Nd2 Bc6 46.e4 Ba4 47.e5 Kd7 48.Kb6 Bb5 49.Nb3 Bc4
50.Nc5+ Ke7 51.Nxa6 Ke6 52.Nc7+ Kxe5 53.Nb5 Bd3 54.a6 Be4 55.a7 h5 56.Nc3 Bf3
57.Na4 Kd6 58.Nc5 Ba8 59.h4 Ke5 60.Kc7 Kd5 61.Nb7 Ke6 62.Kb8  1-0

[Event "Petrovskaya Ladya Open"]
[Site "Peterhof RUS"]
[Date "2007.01.11"]
[Round "9"]
[White "Semenenko,S"]
[Black "Somova,N"]
[Result "0-1"]
[WhiteElo "2196"]
[BlackElo "1931"]

1.d4 d5 2.c4 c6 3.Nf3 Nf6 4.Nc3 dxc4 5.a4 Bf5 6.Ne5 e6 7.f3 Bb4 8.Nxc4 O-O
9.e4 Nxe4 10.fxe4 Qh4+ 11.Kd2 Qxe4 12.Qf3 Qxd4+ 13.Ke1 Rd8 14.Be2 Na6 15.Bg5 f6
16.Rd1 Qe4 17.Bd2 Bxc3 18.bxc3 Nc5 19.a5 Nd3+  0-1

[Event "TCh-BEL 2006-7"]
[Site "Belgium BEL"]
[Date "2007.01.14"]
[Round "6"]
[White "Steen,P"]
[Black "Hautot,S"]
[Result "1/2-1/2"]
[WhiteElo "2170"]
[BlackElo "2361"]

1.d4 d5 2.c4 c6 3.Nf3 Nf6 4.Nc3 dxc4 5.a4 Bf5 6.Nh4 Bc8 7.Nf3 Bf5 8.Nh4 Bg6
9.Nxg6 hxg6 10.e4 e5 11.Be3 Bb4 12.Bxc4 exd4 13.Bxd4 Qe7 14.O-O Nbd7 15.e5 Nh5
16.Qg4 O-O-O 17.a5 Kb8 18.Qe4 Nc5 19.Qg4 Nd7  1/2-1/2

[Event "Open A"]
[Site "Prague CZE"]
[Date "2007.01.14"]
[Round "4"]
[White "Belunek,V"]
[Black "Meduna,E"]
[Result "0-1"]
[WhiteElo "2246"]
[BlackElo "2388"]

1.d4 Nf6 2.c4 c6 3.Nc3 d5 4.Nf3 dxc4 5.a4 Bf5 6.e3 e6 7.Bxc4 Bb4 8.O-O Nbd7
9.Qe2 O-O 10.e4 Bg6 11.Bd3 Bh5 12.Bf4 e5 13.dxe5 Ng4 14.Qc2 Qe7 15.Kh1 h6
16.Bg3 Ngxe5 17.Nxe5 Nxe5 18.Be2 Bxe2 19.Qxe2 Rad8 20.Rad1 Qe6 21.f4 Bxc3
22.bxc3 Qc4 23.Qb2 Ng4 24.Rfe1 Rxd1 25.Rxd1 Qxe4 26.Qxb7 Ne3 27.Rg1 Rd8 28.Bf2 Nxg2
29.Rxg2 Rd1+ 30.Bg1 Rxg1+  0-1

[Event "Corus B"]
[Site "Wijk aan Zee NED"]
[Date "2007.01.15"]
[Round "3"]
[White "Werle,J"]
[Black "L'Ami,E"]
[Result "1-0"]
[WhiteElo "2566"]
[BlackElo "2594"]

1.Nf3 d5 2.d4 Nf6 3.c4 c6 4.Nc3 dxc4 5.a4 Bf5 6.Ne5 e6 7.f3 Bb4 8.e4 Bxe4
9.fxe4 Nxe4 10.Bd2 Qxd4 11.Nxe4 Qxe4+ 12.Qe2 Bxd2+ 13.Kxd2 Qd5+ 14.Kc3 O-O
15.Nxc4 b5 16.Ne3 b4+ 17.Kc2 b3+ 18.Kb1 Qe5 19.Ra3 Na6 20.Qxa6 Qxe3 21.Bd3 Rab8
22.Rd1 g6 23.Qxc6 Rfc8 24.Qe4 Qc5 25.a5 Rb4 26.Qe1 Rd8 27.Rc1 Qd6 28.Bf1 e5
29.Qc3 e4 30.Rxb3 Rxb3 31.Qxb3 Qxh2 32.Bc4 Rd7 33.Qb5 Qd6 34.Re1 Qd4 35.a6 Kg7
36.Bb3 Re7 37.Qc4 Qe5 38.Qd5 Qf6 39.Bc4 Qh4 40.Qd4+ Kh6 41.Re3  1-0

[Event "ch-Kyiv"]
[Site "Kyiv UKR"]
[Date "2007.01.21"]
[Round "2"]
[White "Karnaukh,A"]
[Black "Perun,S"]
[Result "1/2-1/2"]
[WhiteElo "2253"]
[BlackElo "2357"]

1.d4 Nf6 2.Nf3 d5 3.c4 c6 4.Nc3 dxc4 5.a4 Bf5 6.e3 e6 7.Bxc4 Bb4 8.O-O Nbd7
9.Qe2 Bg4 10.h3 Bh5 11.Rd1 O-O 12.e4 Re8 13.e5 Nd5 14.Ne4 h6 15.Ng3 Bg6 16.Bd2 Be7
17.Rac1 Rc8 18.a5 a6 19.Ne4 c5 20.Bxd5 exd5 21.Nxc5 Nxc5 22.dxc5 Bxc5 23.b4 Bf8
24.Rxc8 Qxc8 25.Rc1 Qd7 26.Nd4 Qa4 27.Qe1 Qd7 28.Qe3 Rc8 29.Rxc8 Qxc8 30.Qc3 Qd7
31.Nb3 Qa4 32.Kh2 Kh7 33.Nc5 Qb5 34.Qd4 Bxc5 35.Qxc5 Qxc5 36.bxc5  1/2-1/2

[Event "ch-Kyiv"]
[Site "Kyiv UKR"]
[Date "2007.01.23"]
[Round "4"]
[White "Brozhik,V"]
[Black "Balanovskij,V"]
[Result "1-0"]
[WhiteElo "2172"]
[BlackElo "2111"]

1.Nf3 d5 2.d4 Nf6 3.c4 c6 4.Nc3 dxc4 5.a4 Bf5 6.Ne5 e6 7.Nxc4 Na6 8.Bg5 Be7
9.e3 Nb4 10.Rc1 a5 11.Be2 O-O 12.O-O h6 13.Bf4 Nfd5 14.Bg3 Nxc3 15.Rxc3 b5
16.Ne5 Qe8 17.Nxc6 Nxc6 18.Bxb5 Be4 19.f3 Bb4 20.Rc1 Bd5 21.e4 Rc8 22.exd5 exd5
23.Kh1 Qe6 24.Rc2 Qf6 25.Qc1 Na7 26.Be5 Qf5 27.Rc7 Nxb5 28.axb5 Rxc7 29.Bxc7 Qd3
30.b6 Qa6 31.h3 Rc8 32.Rd1 Bd6 33.Qc6 Rxc7 34.Qe8+ Kh7 35.bxc7 Bxc7 36.Qxf7 Qd6
37.f4 Qxf4 38.Qxf4 Bxf4 39.g4 Kg6 40.Kg2 Kf6 41.Rf1 g5 42.h4 Ke6 43.Rxf4 gxf4
44.Kf3 h5 45.gxh5 Kf5 46.b3 Ke6 47.Kxf4 Kf6 48.h6  1-0

[Event "Open"]
[Site "Geneve SUI"]
[Date "2007.01.27"]
[Round "8"]
[White "Mensch,E"]
[Black "Bjarnason,O"]
[Result "1/2-1/2"]
[WhiteElo "2312"]
[BlackElo "2225"]

1.d4 d5 2.c4 c6 3.Nf3 Nf6 4.Nc3 dxc4 5.a4 Bf5 6.Ne5 Nbd7 7.Nxc4 Qc7 8.g3 e5
9.dxe5 Nxe5 10.Bf4 Nfd7 11.Bg2 f6 12.O-O Nc5 13.e4 Bg6 14.Qe2 Bf7 15.Ne3 Ne6
16.Rae1 Bc5 17.b4 Nxf4 18.gxf4 Bxe3 19.Qxe3 Nc4 20.Qg3  1/2-1/2